000 00261nam a22001217a 4500
008 171005b xxu||||| |||| 00| 0 eng d
041 _aeng
080 _a159.9
100 _a48
101 _aPSI
245 _aTREATISE DISEASE
_cPRICHARD.J.C
942 _2udc
_cBK
999 _c31894
_d31894